Statistics for NBA Players With The Most Finals Played

Click here to take the quiz!

General Stats

  • This quiz has been taken 80 times
    (57 since last reset)
  • The average score is 32 of 58

Answer Stats

FinalsPlayerTeamRings% Correct
10LeBron JamesCavaliers, Heat, Lakers4
98%
12Bill RussellCeltics11
94%
7Kobe BryantLakers5
94%
10Kareem Abdul-JabbarBucks, Lakers6
92%
6Shaquille O'NealMagic, Lakers, Heat4
92%
9Magic JohnsonLakers5
90%
6Klay ThompsonWarriors4
88%
6Michael JordanBulls6
88%
6Tim DuncanSpurs5
88%
6Scottie PippenBulls6
85%
6Stephen CurryWarriors4
85%
5A.C. GreenLakers3
83%
6Draymond GreenWarriors4
83%
5Dwyane WadeHeat3
83%
6Wilt ChamberlainWarriors, 76ers, Lakers2
83%
6Dennis RodmanPistons, Bulls5
79%
9Jerry WestLakers1
79%
5Larry BirdCeltics3
79%
6Dennis JohnsonSuperSonics, Celtics3
77%
5Manu GinóbiliSpurs4
77%
5Tony ParkerSpurs4
77%
7Bob CousyCeltics6
71%
6James WorthyLakers3
71%
6James JonesHeat, Cavaliers3
69%
8K.C. JonesCeltics8
69%
11Sam JonesCeltics10
69%
7Robert HorryRockets, Lakers, Spurs7
67%
5Kevin McHaleCeltics3
65%
5Steve KerrBulls, Spurs5
65%
7Andre IguodalaWarriors, Heat4
60%
7Elgin BaylorLakers0
60%
8John HavlicekCeltics8
60%
5Robert ParishCeltics3
56%
6Udonis HaslemHeat3
54%
8Derek FisherLakers, Thunder5
52%
5Horace GrantBulls, Magic, Lakers4
46%
5Byron ScottLakers3
44%
5J.R. SmithCavaliers, Lakers2
44%
6Danny AingeCeltics, Blazers, Suns2
42%
5Ron HarperBulls, Lakers5
42%
9Tom HeinsohnCeltics8
42%
8Michael CooperLakers5
40%
5Bill SharmanCeltics4
29%
8Frank RamseyCeltics7
23%
5John SalleyPistons, Bulls, Lakers4
23%
5Shaun LivingstonWarriors3
23%
5Jamaal WilkesWarriors, Lakers3
21%
6Kurt RambisLakers4
21%
6Don NelsonLakers, Celtics5
17%
8Tom SandersCeltics8
17%
5Vern MikkelsenLakers4
10%
6Slater MartinLakers, Hawks5
8%
5Clyde LovelletteLakers, Hawks, Celtics3
6%
5Jim LoscutoffCeltics6
6%
5Dick BarnettLakers, Knicks2
4%
5Larry FoustPistons, Lakers, Hawks0
4%
5Larry SiegfriedCeltics5
4%
6Mel CountsCeltics, Lakers2
2%

Score Distribution

Percentile by Number Answered

Percent of People with Each Score

Your Score History

You have not taken this quiz since the last reset